000 01067cad a22002055a 4500
001 L154844
008 120124s2012 xxk f 000 0 eng d
035 _a(Sirsi) u154844
041 0 _aeng
110 2 _aWales
_bWelsh Assembly Government
245 0 0 _aNational statistics on the index of production and the index of construction
_bquarter 3, 2011
_h[electronic resource]
260 _aCardiff
_bWelsh Assembly Government
_c2011
490 0 _aNational Statistics on the Index of Production and the Index of Construction
_v(SDR 9/2012) 17 January 2012
520 _aThe Index of Production for Wales and the Index of Construction for Wales show the short term movements in the output of industries in the production and construction sectors within Wales including new data for the three months to September, relating to 2011 quarter 3.
590 _aKA
651 4 _aWales
_y2007-
690 _aConstruction management
_96230
856 4 0 _uhttps://wales.gov.uk/docs/statistics/2012/120117sdr92012en.pdf
_zView the item free of charge at wales.gov.uk
942 _n0
999 _c113190
_d113190